Televizní komunikační proces a jeho komponenty 2. díl

Podrobná bibliografia
Hlavný autor: Bílek, Jaroslav (Autor)
Médium: Kniha
Jazyk:čeština
Fyzický popis:131 s. 8°
Vydavateľské údaje: Praha Univ. Karlova 1982

MARC

LEADER 00000nam a2200000 a 4500
001 vtls001312253
003 SK-MaSNL
005 20260301235326.0
008 240314s1982 xr 0 cze
035 |a SNK000264649 
040 |a SNK  |b slo  |c SNK  |e AACR2 
044 |a xr  |c CZ 
100 1 |a Bílek, Jaroslav  |4 aut  |9 384105 
245 1 0 |a Televizní komunikační proces a jeho komponenty  |n 2. díl  |c Jaroslav Bílek 
260 |a Praha  |b Univ. Karlova  |c 1982 
300 |a 131 s.  |c 8° 
958 |a OND 
999 |c 974532  |d 976462 
952 |a SNK  |b SNK  |y VYP  |7 0  |p 17A0579326  |o snkID 77636/2  |i snkKIP 7552/82  |0 0  |1 0  |4 0  |d 1997-11-26  |l 0  |r 2005-01-02 00:00:00  |w 2026-02-24